000 00579nam a2200205 a 4500
005 20240925063845.0
008 991125m19761986mx 000 0 spa u
020 _a9784360517
035 _aUPN01000023174
049 _aCG
050 4 _aLC63
_bR4.3
245 0 0 _aEvaluación continua /
_cMartha Reid R. ... [et al.].
260 _aMéxico :
_bProgreso,
_c1976 (1986 impr.).
300 _a79 p.
440 0 _aEducación dinámica
650 4 _aEVALUACION CONTINUA
650 4 _aMediciones y pruebas educativas
_94299
700 1 _aReid R., Martha,
_ecoaut.
905 _aLibro
999 _c23174
_d23174